Mezinárodní měnový systém a globální finanční krize

Guardado en:
Detalles Bibliográficos
Autor principal: Sedláček, Petr
Formato: Libro
Lenguaje:checo
Publicado: Praha Professional Publishing 2018
Edición:1. vydání
Materias:
Etiquetas: Agregar Etiqueta
Sin Etiquetas, Sea el primero en etiquetar este registro!

MARC

LEADER 00000nam a2200000 4500
001 0250439
005 20240221113003.3
020 |a 978-80-88260-18-9 
041 0 |a cze 
044 |a CZ 
245 1 0 |a Mezinárodní měnový systém a globální finanční krize  |c Petr Sedláček 
250 |a 1. vydání 
264 1 |a Praha  |b Professional Publishing  |c 2018 
300 |a 231 s. 
610 2 0 |a systém menový medzinárodný 
610 2 0 |a kríza menová 
610 2 0 |a kríza finančná 
610 2 0 |a globalizácia 
610 2 0 |a správa spoločnosti 
610 2 0 |a dozor 
610 2 0 |a koordinácia 
610 2 0 |a kurz menový 
610 2 0 |a kapitál 
610 2 0 |a dohody medzinárodné 
610 2 0 |a politika finančná 
610 2 0 |a regulácia finančná 
610 2 0 |a dohľad nad finančným trhom 
610 2 0 |a Medzinárodný menový fond 
100 1 |a Sedláček, Petr